Loading...
| Fine Arts - Classical Music | 3 | 6.67 | 33% | 33% | 0% |
| Fine Arts - Other | 7 | 11.43 | 100% | 14% | 0% |
| Fine Arts - Painting and Sculpture | 5 | 10.00 | 80% | 20% | 0% |
| Geography | 2 | 20.00 | 100% | 50% | 50% |
| History - American | 4 | 10.00 | 75% | 25% | 0% |
| History - European | 1 | 10.00 | 100% | 0% | 0% |
| History - Other | 3 | 23.33 | 100% | 100% | 33% |
| History - World | 2 | 10.00 | 100% | 0% | 0% |
| Literature - American | 5 | 12.00 | 100% | 0% | 20% |
| Literature - British | 3 | 6.67 | 33% | 33% | 0% |
| Literature - European | 2 | 10.00 | 50% | 50% | 0% |
| Literature - World | 7 | 12.86 | 86% | 43% | 0% |
| Mythology | 2 | 25.00 | 100% | 100% | 50% |
| Philosophy | 3 | 13.33 | 100% | 33% | 0% |
| Pop Culture | 2 | 20.00 | 100% | 100% | 0% |
| Religion | 2 | 15.00 | 50% | 50% | 50% |
| Science - Chemistry | 3 | 10.00 | 100% | 0% | 0% |
| Science - Other | 3 | 13.33 | 67% | 33% | 33% |
| Science - Physics | 5 | 10.00 | 100% | 0% | 0% |
| Social Science | 4 | 12.50 | 100% | 0% | 25% |